| 000 | 00902nam a2200265Ia 4500 | ||
|---|---|---|---|
| 003 | OSt | ||
| 005 | 20220923220458.0 | ||
| 006 | a|||||r|||| 00| 0 | ||
| 007 | ta | ||
| 008 | 220922b |||||||| |||| 00| 0 hin d | ||
| 024 | _a186,877 | ||
| 037 | _cTextual | ||
| 040 |
_aARTS _cARTS _bhin |
||
| 041 |
_2hin _ahin |
||
| 082 | _aX:77.2'N7, 152L6 | ||
| 100 | _aतरलोक सिंह | ||
| 245 | 0 | _aभारत का आर्थिक विकास | |
| 246 | _aBhārat kā ārthik vikāsa | ||
| 260 |
_aदिल्ली _b दि मैकमिलन कंपनी ऑफ इंडिया लि0 _c1976 |
||
| 300 |
_a261 पृ. _ccm. |
||
| 650 | _a भारतीय अर्थव्यवस्था | ||
| 650 | _aअर्थशास्त्र | ||
| 942 |
_hX:77.2'N7, 152L6 _cTEXL _2CC |
||
| 999 |
_c340120 _d340120 |
||